Flaggen nach einem Wort - Statistiken

Allgemein
  • Dieses Quiz wurde 35 mal gespielt
  • Das Durchschnittsergebnis liegt bei 5 aus 10
Antwortstatistiken
Hint Antwort % Korrekt
Drache Bhutan
81%
Dreizack Barbados
78%
Blatt Kanada
78%
Tempel Kambodscha
59%
AK-47 Mosambik
47%
Mensch Belize
44%
Papagei Dominica
44%
Schlüssel Vatikanstadt
41%
Schlange Mexiko
28%
Säbel Saudi-Arabien
28%
Keine übereinstimmenden Quizze gefunden
Verteilung der Resultate
Anzahl Personen mit jedem Resultat
Perzentil nach korrekt beantworteten Fragen
Ihre Resultats-Entwicklung
Sie haben dieses Quiz noch nicht gespielt